| 000 | 01060nam0a22002531 4500 | ||
|---|---|---|---|
| 001 | v19\rc\1698944 | ||
| 005 | 20260406214530.0 | ||
| 035 | _a(NLR Aleph) 004801229 | ||
| 090 |
_a4831178 _c4831178 |
||
| 100 | _a20061002d1898 |||y0rusy50 ca | ||
| 101 | 0 | _arus | |
| 102 | _aRU | ||
| 105 | _ay z ||||| | ||
| 200 | 1 | _aПеречень книг издания Православного миссионерского общества, находящихся в складе Переводческой комиссии при Казанской учительской семинарии к 1 янв. 1898 г. | |
| 210 |
_aКазань _d1898 |
||
| 215 | _a17, [10] с. | ||
| 710 | 0 | 2 |
_aКазанская учительская семинария _9351313 _3RU\NLR\AUTH\889927847 |
| 712 | 0 | 2 |
_aПравославное миссионерское общество _cМосква _3RU\NLR\AUTH\889972346 _9441192 |
| 801 | 0 |
_aRU _bNLR _gpsbo |
|
| 801 | 0 |
_aRU _bRuMoRGB _2psbo |
|
| 801 | 1 |
_aRU _bProSoft-M _2rusmarc |
|
| 852 |
_aNLR _j18.277.7.77 |
||
| 942 | _cBOOK | ||
| 980 | _aNB | ||